MARC

LEADER 00000nab a2200000 ar4500
001 vtls009006150
003 SK-MaSNL
005 20260303065728.0
008 070710c2007 xo qr|p|||||||000 b|slo
015 |a SNBRB2007/07 
038 |a SNKBUCL 
040 |a SNKBUCL  |b slo  |e AACR2  |c SNKBUCL 
041 0 |a slo 
044 |a xo  |c SK 
080 |a 271.2  |2 2001 
080 |a 316.647.5:2  |2 2001 
100 1 |a Komorovský, Ján,  |d 1924-2012  |4 aut  |9 16247 
245 1 0 |a Všeobecne prístupná Pravoslávna univerzita v koncepcii protojereja o. Alexandra Meňa  |c Ján Komorovský 
600 1 7 |a Meň, Aleksandr Vladimirovič,  |d 1935-1990  |2 snkbucl 
600 1 7 |a Borisov, Iľjič Alexander,  |d 1939-  |2 snkbucl  |9 1066181 
600 1 7 |a Čisťakov, Georgij Petrovič,  |d 1953-  |2 snkbucl  |9 1066182 
610 2 7 |a Všeobecne prístupná Pravoslávna univerzita (Moskava, Rusko)  |2 snkbucl  |9 1066183 
610 2 7 |a Ruská pravoslávna cirkev  |2 snkbucl  |9 94751 
650 0 7 |a pravoslávie  |2 snkbucl  |9 4092 
650 0 7 |a medzináboženský dialóg  |2 snkbucl  |9 90424 
650 0 7 |a náboženská znášanlivosť  |2 snkbucl  |9 1066184 
650 0 7 |a náboženská tolerancia  |2 snkbucl  |9 4788 
773 0 |t Viera a život  |g Roč. XVII, č. 3 (2007), s. 74-77  |x 1335-6771 
852 |a SNK  |b KIS3GCP 
958 |a SK 
958 |a NT 
999 |c 1752392  |d 1754322